Economics of fisheries management: a symposium held at the University of British Columbia march 24 to 25, 1969
Shranjeno v:
| Glavni avtor: | |
|---|---|
| Format: | Knjiga |
| Jezik: | angleščina |
| Izdano: |
Vancouver
Institute of Animal Resource Ecology, The University of British Columbia
1970
|
| Teme: | |
| Oznake: |
Označite
Brez oznak, prvi označite!
|
MARC
| LEADER | 00000nam a2200000 a 4500 | ||
|---|---|---|---|
| 001 | UCY3727 | ||
| 003 | CL-VaPUC | ||
| 005 | 20221021074602.0 | ||
| 008 | 950116e19700000cn 1 eng d | ||
| 082 | 0 | 4 | |a 338.3727 |b SCO |2 21 |
| 100 | 1 | |a Scott, Anthony D |e author |9 617156 | |
| 245 | 1 | 0 | |a Economics of fisheries management: a symposium held at the University of British Columbia march 24 to 25, 1969 |
| 260 | |a Vancouver |b Institute of Animal Resource Ecology, The University of British Columbia |c 1970 | ||
| 300 | |a 115 p | ||
| 583 | |a last modification |c 19950116 00:00:00 |k Rodrigo Vera | ||
| 650 | 0 | 0 | |a Industria pesquera |9 255432 |
| 650 | 0 | 0 | |a Aspectos económicos |9 255165 |
| 650 | 0 | 0 | |a Administración |9 259325 |
| 942 | |c BK | ||
| 945 | |a mfernand |d 19950116 00:00:00 | ||
| 546 | |a En Inglés | ||
| 518 | |p Symposium on Economics of Fisheries Management, Vancouver, Canada, 1969 | ||
| 999 | |c 382349 |d 382347 | ||